| 000 | 00656nam a2200229 a 4500 | ||
|---|---|---|---|
| 001 | BRCA_2511 | ||
| 005 | 20190320203838.0 | ||
| 008 | 251108s1946----enka---###---#000-0#eng-u | ||
| 041 | _aeng | ||
| 044 | _aenk | ||
| 050 | 4 |
_aNK4225 _b.H66 1946 |
|
| 100 | 1 |
_aHoney, William Bowyer _97219 |
|
| 245 | 1 | 0 |
_aThe art of the potter _ba Book for the Collector and Connoisseur _cby William Bowyer Honey. |
| 260 |
_aLondres _bFaber and Faber _c1946 |
||
| 300 |
_a111 p. _bil., 160 láminas _c25 cm. |
||
| 500 | _aIncluye índice de láminas | ||
| 500 | _aVer también Y67 (1960) | ||
| 500 | _aA3 | ||
| 650 | 1 | 4 |
_aCerámica _91200 |
| 902 | _aGFM | ||
| 942 |
_2lcc _cB |
||
| 999 |
_c2252 _d2252 |
||